Statistiques concernant Groupes de choses - Harry Potter

Cliquez ici pour prendre le quiz!

Statistiques générales

  • Ce quiz a été pris 815 fois
  • Le résultat moyen est 42 sur 48

Statistiques - réponses

Réponse % Correct
Harry Potter
99%
Ron Weasley
98%
Ron
98%
Hermione Granger
97%
Fred
95%
Gryffondor
95%
Poufsouffle
95%
Serdaigle
95%
Serpentard
95%
Ginny
94%
George
94%
Harry Potter
93%
La chambre des secrets
93%
La coupe de feu
93%
A l'école des sorciers
93%
Vif d'Or
93%
Severus Rogue
92%
Minerva McGonagall
92%
Molly
91%
Attrapeur
91%
Percy
91%
Le prisonnier d'Azkaban
91%
Bill
90%
Arthur
90%
Poudlard
90%
Charlie
89%
Avada Kedavra
89%
Gardien
89%
Doloris
88%
L'ordre du phénix
87%
Cedric Diggory
87%
Fleur Delacour
87%
Viktor Krum
86%
Cape d'Invisibilité
86%
Cognard
86%
Baguette de Sureau
85%
Imperium
85%
Batteur
84%
Beauxbâtons
81%
Souafle
81%
Les reliques de la mort
81%
Poursuiveur
80%
Le prince de Sang-Mélé
79%
Pomona Chourave
79%
Filius Flitwick
79%
Pierre de Résurrection
73%
Durmstrang
70%
L'enfant maudit
56%

Distribution des résultats

Percentile by Number Answered

% des personnes avec chaque résultat

Votre développement - résultats

Vous n’avez pas pris ce quiz